| 000 | 00663nam a2200181Ia 4500 | ||
|---|---|---|---|
| 003 | GCL | ||
| 008 | 140319s9999 xx 000 0 ara d | ||
| 040 |
_aGCL / _cGCL |
||
| 082 | 0 | 4 |
_a621.392 _bش ك |
| 100 | 1 | _aشامبرز، مارك | |
| 245 | 1 | 0 |
_aكيف تجمع كمبيوتر ؟ Building a P C / _cشامبرز، مارك |
| 260 |
_aالقاهرة : _bدار الفاروق للنشر والتوزيع ، _c2003 |
||
| 300 |
_a352 ص ؛ _c24 سم |
||
| 650 | 0 | 4 | _aالحاسبات الالكترونية |
| 650 | 0 | 4 | _aالحاسبات الالكترونية - برامج |
| 650 | 0 | 4 | _aالحاسبات الالكترونية - صيانة |
| 942 |
_2ddc _cBK |
||
| 999 |
_c7186 _d7186 |
||